| 000 | 00437nam a22001697a 4500 | ||
|---|---|---|---|
| 999 |
_c525263 _d525263 |
||
| 003 | NUST | ||
| 038 | _awaseem | ||
| 082 |
_a891.421 _bSHA |
||
| 100 |
_aShahzad, Naveed _914583 |
||
| 245 |
_aFinishing Line / _cNaveed Shahzad |
||
| 260 |
_aLahore : _bPunjab University, _c2013. |
||
| 300 | _a200 p. ; | ||
| 500 | _aHardcover. | ||
| 880 |
_6100-01\r _aنوید شہزاد |
||
| 880 |
_6245-02\r _aفنشنگ لائن / |
||
| 942 |
_2ddc _cBK |
||